| 000 | 00627cam a22002054a 4500 | ||
|---|---|---|---|
| 020 | _a9780072930962 | ||
| 020 | _a0072866055 | ||
| 040 | _cDLC | ||
| 082 | 0 | 0 | _a006 WEB 2004 A005 Or. |
| 100 | _aBARRIE SOSINSKY VALDA HILLEY | ||
| 245 | 1 | 0 |
_aProgramming the Web : _ban introduction / |
| 260 |
_aBoston : _bMcGraw-Hill Technology Education, _cc2004. |
||
| 300 |
_axvii, 396 p. : _bill. ; _c23 cm. + _e1 CD-ROM (4 3/4 in.) |
||
| 500 | _aIncludes index. | ||
| 650 | 0 | _aInternet programming. | |
| 650 | 0 | _aProgramming languages (Electronic computers) | |
| 650 | 0 | _aWorld Wide Web. | |
| 700 | 1 | _aHilley, Valda. | |
| 942 | _cAEDBB | ||
| 999 |
_c21489 _d21489 |
||